Implementácia digitálneho marketingu do marketingovej komunikácie firmy diplomová práca

Guardado en:
Detalles Bibliográficos
Autor principal: Závodná, Alena
Autor Corporativo: Obchodná fakulta EU. Katedra marketingu
Otros Autores: Miklošík, Andrej
Formato: Libro
Lenguaje:eslovaco
Publicado: Bratislava 2014
Etiquetas: Agregar Etiqueta
Sin Etiquetas, Sea el primero en etiquetar este registro!

MARC

LEADER 00000nbm a2200000 4500
001 0186287
005 20170201100111.5
041 0 |a slo 
044 |a SK 
245 1 0 |a Implementácia digitálneho marketingu do marketingovej komunikácie firmy  |b diplomová práca  |c Alena Závodná ; školiteľ: Andrej Miklošík 
264 1 |a Bratislava  |c 2014 
300 |a 78 s. 
100 1 |a Závodná, Alena 
700 1 |a Miklošík, Andrej 
710 2 |a Obchodná fakulta EU. Katedra marketingu